Identidad colectiva e instituciones regionales en la Comunidad Andina Un anl̀isis constructivista /

Bibliographic Details
Main Author: Prieto, Germǹ Camilo
Format: eBook
Language:Spanish
Published: Bogot:̀ Pontificia Universidad Javeriana, 2016
Subjects:
Online Access:Acceso restringido

MARC

LEADER 00000nam a22000007a 4500
005 20201215231833.0
007 cr|||| |||
008 201215s2016 co |||||s|||| 00||0 spa d
020 |a 978-958-781-004-2 
035 |a 32378 
040 |a vLex 
090 |c 10958  |d 10958 
100 1 |a Prieto, Germǹ Camilo 
245 1 0 |a Identidad colectiva e instituciones regionales en la Comunidad Andina  |h [Recurso electrn̤ico] :  |b Un anl̀isis constructivista /  |c Germǹ Camilo Prieto 
256 |a Servicio en ln̕ea 
260 |a Bogot:̀  |b Pontificia Universidad Javeriana,  |c 2016 
300 |a 1 recurso electrn̤ico 
500 |a Este libro ofrece un anl̀isis constructivista de la Comunidad Andina, en un esfuerzo por aplicar esta herramienta al estudio del regionalismo en Amřica Latina. El ňfasis en la identidad colectiva y las instituciones regionales obedece a la prioridad que los estudios constructivistas sobre el regionalismo en otras partes del mundo le otorgan a estas dos restructuras ideacionales. 
506 1 |a Disponible solo en los productos indicados  |d vLex Global  |d vLex Global (Academic Edition, excluding Law Schools)  |d vLex Global (U.S. Academic Edition, Law Schools)  |d vLex Global (U.S. Academic Edition, excluding Law Schools)  |d vLex Global (Academic Edition, Law Schools) 
650 0 4 |a Ciencias sociales  |z Colombia 
650 0 4 |a Ciencia polt̕ica  |z Colombia 
650 0 4 |a Filosofa̕ y religin̤  |z Colombia 
650 0 4 |a Humanidades  |z Colombia 
740 0 |a vLex Libros (Servicio en ln̕ea) 
856 4 0 |u http://vlex.com/source/identidad-colectiva-e-instituciones-regionales-en-la-comunidad-andina-un-analisis-constructivista-32378  |z Acceso restringido 
942 |c BOOK 
999 0 |a Social Sciences 
999 0 |a Political science 
999 0 |a Philosophy and religion 
999 0 |a Humanities